Stir-Frying to the Sky's Edge : (Record no. 607309)

MARC details
000 -LEADER
fixed length control field 00475nam a2200193 a 4500
008 - FIXED-LENGTH DATA ELEMENTS--GENERAL INFORMATION
fixed length control field 260105s2010##################000#0#eng##
020 ## - INTERNATIONAL STANDARD BOOK NUMBER
ISBN 9781416580577
082 04 - DEWEY DECIMAL CLASSIFICATION NUMBER
Classification number 641.774
Item number YOU
100 1# - MAIN ENTRY--AUTHOR NAME
Personal name Young, Grace,
245 10 - TITLE STATEMENT
Title Stir-Frying to the Sky's Edge :
260 ## - PUBLICATION, DISTRIBUTION, ETC. (IMPRINT)
Name of publisher Simon and Schuster,
Year of publication 2010.
300 ## - PHYSICAL DESCRIPTION
Number of Pages 326 pages
650 #0 - SUBJECT ADDED ENTRY--TOPICAL TERM
Topical Term Cooking.
942 ## - ADDED ENTRY ELEMENTS (KOHA)
Koha item type English Books
Holdings
Withdrawn status Lost status Damaged status Not for loan Home library Current library Shelving location Date acquired Full call number Accession Number Price effective from Koha item type
        Anna Centenary Library Anna Centenary Library 6TH FLOOR, A WING 05.01.2026 641.774 YOU 457411 05.01.2026 English Books

Find us on the map